|
|
|
|
| LEADER |
00000nab a2200000 a 4500 |
| 001 |
vtls000876318 |
| 003 |
SK-MaSNL |
| 005 |
20260302161941.0 |
| 008 |
180207c1999 xo 0 slo |
| 015 |
|
|
|a SNBRB2004/06-18754
|
| 035 |
|
|
|a CLN000227870
|
| 040 |
|
|
|a SNKBUCL
|b slo
|c SNKBUCL
|e AACR2
|
| 041 |
0 |
|
|a slo
|
| 044 |
|
|
|a xo
|c SK
|
| 080 |
|
|
|a 323.14(437.6):323.15(=214.58)
|2 UDC-MRF-SK2
|
| 080 |
|
|
|a 323.15(=214.58)(437.6):316.647.82
|2 UDC-MRF-SK2
|
| 080 |
|
|
|a 316.647.82(=214.58)(437.6)
|2 UDC-MRF-SK2
|
| 100 |
1 |
|
|a Rusnák, Jaroslav
|4 aut
|9 188478
|
| 245 |
1 |
0 |
|a Prečo nehľadáme korene rasizmu?
|c Jaroslav Rusnák
|
| 300 |
|
|
|b Fotogr.
|
| 650 |
0 |
7 |
|a rasizmus
|x diskriminácia
|x vzťahy spoločenské
|x Rómovia
|z Slovensko
|2 snkbucl
|9 860780
|
| 650 |
0 |
7 |
|a Rómovia
|z Slovensko
|x spoločnosť
|2 snkbucl
|9 860243
|
| 650 |
0 |
7 |
|a romiká
|2 snkbucl
|9 72855
|
| 655 |
|
7 |
|a články z novín a časopisov
|2 snkbucl
|9 267496
|
| 773 |
0 |
|
|t Sam adaj
|q Sme tu
|g Roč. 2, č. 14 (1999), s. 6
|
| 850 |
|
|
|a Slovenská národná knižnica v Martine
|
| 852 |
|
|
|a SNK
|b KIS3GCP
|
| 958 |
|
|
|a RBX
|
| 999 |
|
|
|c 1378708
|d 1380638
|